Normal view
MARC view
- Cohen Ralph L
Entry Corporate Name
001 - CONTROL NUMBER
- control field: 124566
003 - CONTROL NUMBER IDENTIFIER
- control field: NUST
005 - DATE AND TIME OF LATEST TRANSACTION
- control field: 20240718121012.0
008 - FIXED-LENGTH DATA ELEMENTS
- fixed length control field: 240718|| aca||aabn | a|a d
040 ## - CATALOGING SOURCE
- Original cataloging agency: NUST
- Transcribing agency: NUST
110 ## - HEADING--CORPORATE NAME
- Corporate name or jurisdiction name as entry element: Cohen Ralph L
670 ## - SOURCE DATA FOUND
- Source citation: Work cat.: (NUST): Carlsson Gunnar 124565, Mathematics, 2002.
